Törés a tapasztalatban Gadamer és Heidegger : hazugság és nyelviség hermeneutikai nézőpontból /

Elmentve itt :
Bibliográfiai részletek
Szerző: Lengyel Zsuzsanna Mariann
Testületi szerző: Lábjegyzetek Platónhoz: A hazugság (2013) (Szeged)
Dokumentumtípus: Könyv része
Megjelent: 2014
Sorozat:Lábjegyzetek Platónhoz 12
A hazugság 12
Kulcsszavak:Martin Heidegger, Hans-Georg Gadamer, Hazugság - filozófia, Filozófia - német - 20. sz.,
Tárgyszavak:
Online Access:http://acta.bibl.u-szeged.hu/49304
LEADER 00992naa a2200241 i 4500
001 acta49304
005 20220107105136.0
008 170721s2014 hu o 0|| hun d
020 |a 978 963 88812 6 7 
022 |a 1785 7082 
040 |a SZTE Egyetemi Kiadványok Repozitórium  |b hun 
041 |a hun 
100 1 |a Lengyel Zsuzsanna Mariann 
245 1 0 |a Törés a tapasztalatban   |h [elektronikus dokumentum] :  |b Gadamer és Heidegger : hazugság és nyelviség hermeneutikai nézőpontból /  |c  Lengyel Zsuzsanna Mariann 
260 |c 2014 
300 |a 318-341 
490 0 |a Lábjegyzetek Platónhoz  |v 12 
490 0 |a A hazugság  |v 12 
650 4 |a Bölcsészettudományok 
650 4 |a Filozófia, etika és vallástudományok 
695 |a Martin Heidegger, Hans-Georg Gadamer, Hazugság - filozófia, Filozófia - német - 20. sz., 
710 |a Lábjegyzetek Platónhoz: A hazugság (2013) (Szeged) 
856 4 0 |u http://acta.bibl.u-szeged.hu/49304/1/platonhoz_012_318-341.pdf  |z Dokumentum-elérés